The crisis of our age : The social and cultural outlook
Contents: Chapter I. The diagnosis of the crisis. II. The crisis of the fine arts; III. The crisis in the system of truth: science, philosophy, and geligion; IV. The crisis in ethics and law...
Đã lưu trong:
| Tác giả chính: | |
|---|---|
| Định dạng: | Sách |
| Ngôn ngữ: | Undetermined |
| Được phát hành: |
New York
E. P. Dutton & Co.
1941
|
| Những chủ đề: | |
| Các nhãn: |
Thêm thẻ
Không có thẻ, Là người đầu tiên thẻ bản ghi này!
|
| Thư viện lưu trữ: | Trung tâm Học liệu Trường Đại học Cần Thơ |
|---|
| LEADER | 00824nam a2200229Ia 4500 | ||
|---|---|---|---|
| 001 | CTU_222303 | ||
| 008 | 210402s9999 xx 000 0 und d | ||
| 020 | |c 11.24 | ||
| 082 | |a 306 | ||
| 082 | |b S714 | ||
| 100 | |a Sorokin, Pitirim Aleksandrovich | ||
| 245 | 4 | |a The crisis of our age : | |
| 245 | 4 | |b The social and cultural outlook | |
| 245 | 0 | |c Pitirim A. Sorokin | |
| 260 | |a New York | ||
| 260 | |b E. P. Dutton & Co. | ||
| 260 | |c 1941 | ||
| 520 | |a Contents: Chapter I. The diagnosis of the crisis. II. The crisis of the fine arts; III. The crisis in the system of truth: science, philosophy, and geligion; IV. The crisis in ethics and law... | ||
| 650 | |a Văn minh,Civilization | ||
| 650 | |x Triết học | ||
| 904 | |i Nguyễn An Khang,Hải | ||
| 980 | |a Trung tâm Học liệu Trường Đại học Cần Thơ | ||